000 00308nam a22000977a 4500
008 150619b xxu||||| |||| 00| 0 eng d
010 _8HCCRSF:005
245 _aHIGH COURT CRIMINAL SESSION NO.303 OF 1969 Uganda Vs Yutuko Matovu
260 _aHigh Court Kampala
500 _3BEFORE: Hon. Mr. Ag. Justice Y.V. Phadke
999 _c6466
_d6466